| 000 | 00612nam a2200205Ia 4500 | ||
|---|---|---|---|
| 003 | GCL | ||
| 008 | 140319s9999 xx 000 0 ara d | ||
| 040 |
_aGCL / _cGCL |
||
| 082 | 0 | 4 |
_a415.1 _bع و |
| 100 | 1 | _aعبده الراجحى | |
| 245 | 1 | 0 |
_aدروس فى المذاهب النحوية / _cعبده الراجحى |
| 260 |
_a[S.N] : _bدار المعرفة الجامعية ، _c1992 |
||
| 300 | _a399 ص | ||
| 490 | _a | ||
| 650 | 0 | 4 | _aالنحو |
| 650 | 0 | 4 | _aاللغة العربية |
| 650 | 0 | 4 | _aالنحو العربى |
| 650 | 0 | 4 | _aاللغة العربية - النحو |
| 942 |
_2ddc _cBK |
||
| 999 |
_c52679 _d52679 |
||